Občiansky zákonník - úplné znenie zákona s vysvetlivkami Účtovníctvo - zákon. Nájom nebytových priestorov. Plán nákladov podnikateľa. Správne poplatky

Enregistré dans:
Détails bibliographiques
Format: Livre
Langue:slovaque
Publié: Žilina Poradca podnikateľa 1992
Édition:1. vyd.
Collection:Poradca podnikateľa 2/92
Tags: Ajouter un tag
Pas de tags, Soyez le premier à ajouter un tag!

MARC

LEADER 00000nam a2200000 4500
001 c000524
005 20250623074943.5
041 0 |a slo 
044 |a SK 
245 1 0 |a Občiansky zákonník - úplné znenie zákona s vysvetlivkami  |b Účtovníctvo - zákon. Nájom nebytových priestorov. Plán nákladov podnikateľa. Správne poplatky 
250 |a 1. vyd. 
264 1 |a Žilina  |b Poradca podnikateľa  |c 1992 
300 |a 304 s. 
490 1 |a Poradca podnikateľa  |v 2/92 
830 0 |a Poradca podnikateľa  |v 2/92